000 00751nam a2200217 4500
001 11568
003 MCM
005 20211208235139.0
008 140127s1965 nyua b 001 0 eng
035 _a(BD-RjUL)11617
040 _aDLC
_cGAT
_dOCL
_dMYG
_dBD-RjUL
_beng
041 _aeng
082 _a572.57
_bCHS
_223
100 1 _aChapman, D.,
_d1927-
_q(Dennis)
_935792
245 1 4 _aThe structure of lipids by spectroscopic and X-ray techniques :
_bWith a chapter on separation techniques including thin layer and gas liquid chromatography /
_cD. Chapman.
260 _aNew York :
_bJ. Wiley,
_cc1965.
300 _axii, 323 p. :
_bill. ;
_c24 cm.
504 _aIncludes bibliographical references and index.
650 0 _aLipids.
_935708
942 _2ddc
_cBK
999 _c11568
_d11568